[Event "Costa Viola op 3rd"]
[Site "St Eufemia d'Aspromonte"]
[Date "2010.01.05"]
[Round "6"]
[White "Pirrotta, Domenico"]
[Black "Minucci, Veronica"]
[Result "1-0"]
[WhiteElo "1323"]
[BlackElo "1389"]
[PlyCount "59"]
[EventDate "2010.01.02"]
[EventType "swiss"]
[EventRounds "7"]
[EventCountry "ITA"]
[SourceTitle "EXT 2011"]
[Source "ChessBase"]
[SourceDate "2010.11.26"]
[SourceVersion "1"]
[SourceVersionDate "2010.11.26"]
[SourceQuality "1"]

1. e4 e5 2. Nf3 Nc6 3. Bb5 d6 4. h3 Bd7 5. c3 Nf6 6. d3 a6 7. Ba4 b5 8. Bc2 d5 9. 0-0 Be7 10. Re1 0-0 11. d4 Bd6 12. exd5 Nxd5 13. Nxe5 Nxe5 14. dxe5 Bc5 15. Qxd5 Bb6 16. Qe4 g6 17. e6 fxe6 18. Bh6 Bxf2+ 19. Kh1 Rf7 20. Rf1 c6 21. Qe2 Qh4 22. Be3 Raf8 23. Nd2 e5 24. Nf3 Rxf3 25. Bxf2 Bxh3 26. Bxh4 R3f4 27. Rxf4 Rxf4 28. Bg3 Bg4 29. Qxe5 Rf8 30. Bb3+ 1-0

[Event "Costa Viola op 3rd"]
[Site "St Eufemia d'Aspromonte"]
[Date "2010.01.03"]
[Round "3"]
[White "Vallone, Rosario"]
[Black "Pirrotta, Domenico"]
[Result "0-1"]
[WhiteElo "1551"]
[BlackElo "1323"]
[PlyCount "48"]
[EventDate "2010.01.02"]
[EventType "swiss"]
[EventRounds "7"]
[EventCountry "ITA"]
[SourceTitle "EXT 2011"]
[Source "ChessBase"]
[SourceDate "2010.11.26"]
[SourceVersion "1"]
[SourceVersionDate "2010.11.26"]
[SourceQuality "1"]

1. c4 Nf6 2. Nc3 c6 3. e4 e6 4. g3 d5 5. cxd5 cxd5 6. exd5 Nxd5 7. Bg2 g6 8. Nge2 Bg7 9. 0-0 0-0 10. Qb3 Nxc3 11. dxc3 Nc6 12. Bxc6 bxc6 13. Be3 e5 14. Rad1 Qf6 15. Bc5 Rd8 16. Rxd8+ Qxd8 17. Rd1 Qe8 18. c4 Be6 19. Qc2 Bf8 20. Be3 Rd8 21. Rxd8 Qxd8 22. a3 a5 23. Nc1 c5 24. Nd3 Bf5 0-1